| 000 | 01355nam a2200277 i 4500 | ||
|---|---|---|---|
| 001 | 184095 | ||
| 003 | ES-MaACL | ||
| 005 | 20250830020107.0 | ||
| 008 | 150316s1673 sp |||| | spa d | ||
| 100 | 1 |
_aLorea, Antonio de, _d1635-1687 _eaut _9156562 |
|
| 245 | 1 | 3 |
_aEl grande iio de David, Cristo... : _bistoria evangelica, moral, politica, y predicable, adornada con raros exemplos, y prodigiosos casos... / _ccompuesta por el padre presentado fray Antonio de Lorea, de la Orden de Predicadores ; dada a la estampa por ... D. Bernardo de Lorea Amescua ... ; tomo primero. |
| 260 |
_aMadrid : _bpor Francisco Sanz : a costa de Gabriel de Leon, _c1673. |
||
| 300 |
_a[12], 367, [8] páginas ; _c19 cm. |
||
| 530 | _aDisponible en formato digital | ||
| 596 | _aMarca tipográfica del editor en portada | ||
| 597 | _aPortada orlada | ||
| 597 | _aTexto a dos col. | ||
| 650 | 0 | 7 |
_aTeología dogmática _2embne _917468 |
| 650 | 0 | 4 |
_aCristología. _911443 |
| 700 | 1 |
_aLorea Amescua, Bernardo de _eclb _9156563 |
|
| 852 |
_aES-MaACL _cDEPO _hDonativo de Segismundo Román González _jArmario 18 _xPergamino |
||
| 856 |
_uhttps://bvpb.mcu.es/es/consulta/registro.do?id=577751 _yVersión en línea _z(Biblioteca Virtual del Patrimonio Bibliográfico) |
||
| 942 |
_2udc _cMONANT _n0 |
||
| 999 |
_c184095 _d184095 |
||